| 000 | 00529nam a22001457a 4500 | ||
|---|---|---|---|
| 999 |
_c7847 _d7847 |
||
| 008 | 211201b ||||| |||| 00| 0 eng d | ||
| 020 | _a0821800256 | ||
| 082 | _a519.3 | ||
| 245 | _aAmerican Mathematical Society short course, game theory and its applications/ | ||
| 260 |
_aRhode Island, _bAmerican Mathematical Society: _c1981. |
||
| 300 |
_aviii, 125p.;ill. _bIncludes bibliographical references and index _c25cm. |
||
| 440 |
_aGame theory and its applications _x01607634 |
||
| 650 | _2Game theory-Congresses | ||
| 942 |
_2ddc _cBOOK |
||